Statistics for Atlanta Braves Managers by Picture

Click here to take the quiz!

General Stats

  • This quiz has been taken 9 times
  • The average score is 4 of 47

Answer Stats

Answer% Correct
Bobby Cox
75%
Brian Snitker
75%
Joe Torre
50%
Eddie Mathews
38%
Clyde King
25%
Fredi González
25%
Ted Turner
25%
Casey Stengel
13%
Connie Ryan
13%
Dave Bristol
13%
Harry Wright
13%
Lum Harris
13%
Tommy Holmes
13%
Al Buckenberger
0%
Bill McKechnie
0%
Billy Hitchcock
0%
Billy Southworth
0%
Birdie Tebbetts
0%
Bobby Bragan
0%
Bobby Wine
0%
Bob Coleman
0%
Charlie Grimm
0%
Chuck Dressen
0%
Dave Bancroft
0%
Del Bissonette
0%
Eddie Haas
0%
Emil Fuchs
0%
Frank Bowerman
0%
Frank Selee
0%
Fred Haney
0%
Fred Lake
0%
Fred Mitchell
0%
Fred Tenney
0%
George Stallings
0%
Harry Smith
0%
Jack Burdock
0%
Jack Slattery
0%
Jim Hart
0%
Joe Kelley
0%
John Morrill
0%
Johnny Cooney
0%
Johnny Kling
0%
Ken Silvestri
0%
King Kelly
0%
Rogers Hornsby
0%
Russ Nixon
0%
Vern Benson
0%

Score Distribution

Percentile by Number Answered

Percent of People with Each Score

Your Score History

You have not taken this quiz